02967nam a22001697a 450000500170000000800410001702000180005804100120007608200130008810000220010124500680012326000340019130000080022536500190023352025250025265000200277720251016150210.0250909b |||||||| |||| 00| 0 eng d a9788189995546 aEnglish bHENa700 aHendley Thomas H. aMemorials of the Jeypore Exhibition 1883 Vol. I: Industrial Art aIndiabMapin Publishingc2011 a114 b5625.00cRs.00 aCHROMO-LITHOGRAPHS. PLATE 1.-1. Crutch and part of staff of Mahárájá Mán Singh, of Jeypore. 2. Ornamentation of the staff in detail. Jeypore. 11.-Designs for modern Jeypore enamel. Jeypore. III. Handle and mounts of a sword, in damascened steel and gold enamel. Ülwar. IV. Curved sword and scabbard. Ulwar. V. 1. Knife. 2 and 3. Two sides of a dagger. Jeypore. VI. Mounts in silver enamel of a dagger or knife. I and 2. The two sides of the upper mount. 3 and 4. The two sides of the tip mount. Jeypore. VII-Three different views of a gold-enamelled Persian dagger. Jhallawár. VIII. Water bottle. Silver parcel-gilt enamel Bahawalpur. IX. Scabbard of a hunting sword (Plate X.). Gilt brass and niello. Jeypore. X.-Hunting sword, steel, with outlines of figures in gold. Jeypore. XI. Four daggers with jade handles. Jeypore. XII. Padded coat and steel breastplates. Tonk. XIII.-Damascened steel breastplates. Jeypore. XIV. State robe of the founder of Jeypore. Jeypore. XV.-Powder flask, buffalo horn and ivory. Jeypore. XVI. Powder flask, buffalo horn, ivory, and mother-o'-pearl. Etawah, near Kotah. XVII. 1. Silver inkstand. Jeypore. 2. Silver parcel-gilt centre piece. Tonk. XVIII. Silver plate. 1. Tumbler. Bikanir. 2. Water vessel. Jeypore. 3. Perfume stand. Tonk. 4. Salver, silver niello. Jeypore. 5. Salver, parcel-gilt. Tonk. XIX.-1 and 2. The two sides of a papier mâché vase. Kashmir. 3 and 4. Painted lacquered work. Jeypore. XX.-Bedstead legs, lacquered wood. 1. Kashmir. 2 and 3. Bikanir. XXI. Carvings in white marble. Jeypore. XXII. Carved wood panels. Ahmedabad. XXIII. Marble niche and painted marble figure of Hanúman Jeypore. XXIV. 1. Brass box. Made at Poona. 2. Water vessel. Old work from Tanjore or Tirupati. 3. Copper water vessel with silver ornaments. Tanjore. [Copied from originals belonging to Surgeon-Major Hendley.] XXV. Engraved brass tray. Old Moghul perio [Copied om an original belonging to Surgeon-Major Hendley.] XXVI. 1. Silver parcel-gilt jug. Kashmir 2. Enamelled copper water bottle. Kashmir. 3. Cup. Dug XXVII.-Outlines of ornament on a silver service belonging to Surgeon-Major Hendley. Ulwar. XXVIII. Two vases of semi-translucent pottery. School of Art, Jeypore. XXIX. Copy of a rug belonging to Surgeon-Major Hendley. Ajmere. XXX.-Outlines of Kashmir papier mâché work. XXXI. Outlines of Kashmir papier mâché work. XXXII. to XXXIX. Facsimiles of old Persian paintings. Selected on account of the great variety and beauty of the border patterns.  aArtvIndian Art